LEADER 01205nam a2200277 i 4500 001 000000345000 003 CaOOAMICUS 005 20210319135039.0 008 210319s2021 it u000 u ita u 013 $a235701 020 $a978-88-922237-1-4 040 $aSeMil$bita 100 1 $aChiodi, Maurizio,$d<1955- >.$0(OLS)http://semarc/name/13666 245 10$aDramma, dono, accoglienza :$bantropologia e teologia dell'adozione /$cMaurizio Chiodi. 264 1$aCinisello Balsamo :$bSan Paolo,$c2021. 300 $a301 p. ;$c23 cm 490 1 $aL'abside ;$v88 650 4$aAdozione - Aspetti teologici.$0(OLS)http://semarc/subject/50146 650 4$aAdozione - Concezione cristiana.$0(OLS)http://semarc/subject/50147 830 2$aL'abside ;$v88.$0(OLS)http://semarc/title/648 850 $aSeMil 852 $aSeMil$W1$xVenegono$y1$m2M VII 88$j225092$B236061$CSeMilBibl$Z2$F236061 $81 996 $6020$a978-88-922237-1-4$9(OLS)http://semarc/number/292692 996 $6245$aDramma, dono, accoglienza :$bantropologia e teologia dell'adozione$9(OLS)http://semarc/title/434102 996 $6264$aCinisello Balsamo :$bSan Paolo$9(OLS)http://semarc/publisher/30129 LEADER 01118nam a2200265 i 4500 001 000000038641 003 CaOOAMICUS 005 20091228000000.0 008 091228s1991 sw u000 u mul u 013 $a9233 020 $a91-554-2779-0 040 $aSeMil$bita 100 1 $aKindstrand, Jan Fredrik.$0(OLS)http://semarc/name/18568 245 10$aGnomica Basileensia /$cEdited by Jan Fredrik Kindstrand. 260 $aUppsala :$bJan Friedrik Kindstrand,$c1991. 300 $a160 p. ;$c23 cm. 490 0 $aActa Universitatis Upsaliensis. Studia byzantina upsaliensia ;$v2 650 4$aPatristica.$0(OLS)http://semarc/subject/3585 830 0$aActa Universitatis Upsaliensis. Studia byzantina upsaliensia ;$v2.$0(OLS)http://semarc/title/356 850 $aSeMil 852 $aSeMil$W1$xVenegono$y1$m§ 84 6 52$j253177$B4796$CSeMilBibl$Z2$F4796 $85 961 $aAcquisto: Casa editrice 996 $6020$a91-554-2779-0$9(OLS)http://semarc/number/7988 996 $6245$aGnomica Basileensia$9(OLS)http://semarc/title/54626 996 $6260$aUppsala :$bJan Friedrik Kindstrand$9(OLS)http://semarc/publisher/39985